01195nam a2200193Ia 4500001001000000003001000010008004100020040002500061041001300086100004500099245010200144250001100246260006000257300001200317500026200329501011400591520026200705650003400967L235-7520IT-CnALBA170116s9999||||xx |||||||||||||| ||und|| aIT-CnALBAcIT-CnALBA aITALIANO aBOSSUET JACQUES-BENIGNE VESCOVO DI MEAUX 0aNOSTRA SIGNORA. PICCOLA ANTOLOGIA MARIANA COMPOSTA SULLE ORME DEL BOSSUET PER IL MESE DI MAGGIO.  a2a ed. a MILANO BOLOGNAbANCORA EDITRICE c1936 [1° Ed.: n.d.] a222 p.  aSTRUTTURA: ARGOMENTO PRATICA PREGHIERA. DEVOZIONE A MARIA. GRANDEZZA DELLA VERGINE. TEMPIO DELLO SPIRITO SANTO. TABERNACOLO DEL VERBO. MADRE DI DIO E DELLA CHIESA. AMORE DI MARIA PER GESÙ. PUREZZA. IMITAZIONE. RITRATTO DELLA VERGINE. ANNUNCIAZIONE. VISITA aSocietà San Paolo EM - Piazza San Paolo, 14 - 12051 ALBA (CN) (non commercial uses only) ® Copyright 2017 aSTRUTTURA: ARGOMENTO PRATICA PREGHIERA. DEVOZIONE A MARIA. GRANDEZZA DELLA VERGINE. TEMPIO DELLO SPIRITO SANTO. TABERNACOLO DEL VERBO. MADRE DI DIO E DELLA CHIESA. AMORE DI MARIA PER GESÙ. PUREZZA. IMITAZIONE. RITRATTO DELLA VERGINE. ANNUNCIAZIONE. VISITA aMARIA SS. ANGELI SANTI DEMONI